[Event "Titled Tue 24th Jun Late"]
[Site "chess.com INT"]
[Date "2025.06.24"]
[Round "7"]
[White "Stamatiou, Rodolfos"]
[Black "Khanbutaev, Artemii"]
[Result "0-1"]
[WhiteTitle "FM"]
[WhiteElo "2269"]
[BlackElo "2139"]
[WhiteFideId "25826530"]
[BlackFideId "55747175"]
[EventDate "2025.06.24"]

1. e4 e5 2. Nf3 Nc6 3. d4 exd4 4. Nxd4 Bc5 5. Nb3 Bb6 6. Nc3 Nf6 7. Qe2 O-O 8.
Be3 d5 9. O-O-O d4 10. Nb5 dxe3 11. Rxd8 Rxd8 12. f3 Be6 13. c4 a6 14. Nc3 Nd4
15. Nxd4 Bxd4 16. Nd1 b5 17. Nxe3 bxc4 18. Nxc4 Rab8 19. b3 Nd7 20. Qc2 Nc5 21.
Be2 Bxc4 22. Bxc4 Na4 23. Rd1 Be3+ 24. Kb1 Rxd1+ 25. Qxd1 Nc3+ 26. Kc2 Nxd1 27.
Kxd1 Bd4 28. Bxa6 Ra8 0-1

[Event "Titled Tue 24th Jun Late"]
[Site "chess.com INT"]
[Date "2025.06.24"]
[Round "7"]
[White "Rodgers, Jack"]
[Black "Szpar, Milosz"]
[Result "0-1"]
[WhiteTitle "FM"]
[BlackTitle "IM"]
[WhiteElo "2183"]
[BlackElo "2495"]
[WhiteFideId "3220885"]
[BlackFideId "1184989"]
[EventDate "2025.06.24"]

1. d4 Nf6 2. Bg5 c5 3. d5 Ne4 4. Bf4 e6 5. f3 Nf6 6. e4 exd5 7. exd5 d6 8. Nc3
Be7 9. Nge2 O-O 10. Ng3 Qb6 11. Qd2 Na6 12. O-O-O Bd7 13. Bd3 Nb4 14. Bf5 Be8
15. Rhe1 Bd8 16. a3 a5 17. Nge4 Nxe4 18. Nxe4 Bc7 19. axb4 axb4 20. Qd3 Bb5 21.
Bxh7+ Kh8 22. Qe3 Kxh7 23. Ng5+ Kg8 24. Qf2 c4 25. Be3 c3 26. bxc3 bxc3 0-1

[Event "Titled Tue 24th Jun Late"]
[Site "chess.com INT"]
[Date "2025.06.24"]
[Round "7"]
[White "Sobek, Jaroslav"]
[Black "Swara Lakshmi S Nair"]
[Result "1-0"]
[WhiteTitle "FM"]
[BlackTitle "WCM"]
[WhiteElo "2195"]
[BlackElo "2187"]
[WhiteFideId "301388"]
[BlackFideId "25629239"]
[EventDate "2025.06.24"]

1. d4 Nf6 2. c4 g6 3. Nc3 d5 4. Bf4 Bg7 5. e3 O-O 6. Rc1 c5 7. dxc5 Qa5 8. cxd5
Ne4 9. Ne2 Nxc5 10. a3 Qb6 11. b4 Nca6 12. Ng3 Rd8 13. Qc2 Bd7 14. Bxa6 Nxa6 15.
O-O Rac8 16. Qd2 Be6 17. e4 Rc4 18. Be3 Qc7 19. Nb5 Qc8 20. Nd4 Bd7 21. Rxc4
Qxc4 22. Rc1 Qxc1+ 23. Qxc1 Rc8 24. Qd2 e5 25. dxe6 fxe6 26. h3 Nc7 27. Nde2 Bc6
28. Bd4 e5 29. Bxa7 Ne6 30. Be3 Rd8 31. Qc2 Nd4 32. Nxd4 exd4 33. Bg5 d3 34.
Qc4+ Bd5 35. exd5 1-0

[Event "Titled Tue 24th Jun Late"]
[Site "chess.com INT"]
[Date "2025.06.24"]
[Round "7"]
[White "Kelley, Deshawn"]
[Black "Makaraci, Tunahan"]
[Result "0-1"]
[BlackTitle "FM"]
[WhiteElo "2014"]
[BlackElo "2233"]
[WhiteFideId "30911940"]
[BlackFideId "6356559"]
[EventDate "2025.06.24"]

1. e4 c6 2. d4 d5 3. exd5 cxd5 4. Nf3 Nc6 5. g3 Bg4 6. Bg2 e6 7. O-O Nf6 8. c3
Bd6 9. Nbd2 O-O 10. Re1 Rb8 11. Nf1 b5 12. a3 a5 13. Ne3 Bxf3 14. Bxf3 b4 15.
axb4 axb4 16. c4 Be7 17. b3 Qd7 18. Ra6 Ra8 19. Rxa8 Rxa8 20. cxd5 Nxd5 21. Nxd5
exd5 22. Be3 Bf6 23. Qd3 g6 24. Rc1 Rd8 25. Kg2 Ne7 26. Rc5 Qe6 27. Qb5 Nf5 28.
Rxd5 Nxe3+ 29. fxe3 Rxd5 30. Bxd5 Qxe3 31. Qb7 Qe2+ 32. Kh3 Qf1+ 33. Bg2 Qf5+
34. g4 Qd3+ 35. Qf3 Qxd4 36. Qa8+ Kg7 37. Qd5 Qc3+ 38. Bf3 Be5 39. g5 Qb2 40.
Bg2 Qe2 41. Qf3 Qe1 42. Qe4 Qc3+ 43. Qf3 Qd4 44. Qe4 Qd6 45. Kg4 Bxh2 46. Qf3
Qd4+ 47. Kh3 Bb8 48. Qd5 Qf4 49. Bf3 Qg3# 0-1

[Event "Titled Tue 24th Jun Late"]
[Site "chess.com INT"]
[Date "2025.06.24"]
[Round "7"]
[White "Ersoz, Teoman Guney"]
[Black "Jing, Andrew"]
[Result "1-0"]
[WhiteTitle "CM"]
[BlackTitle "FM"]
[WhiteElo "2052"]
[BlackElo "2292"]
[WhiteFideId "44537050"]
[BlackFideId "30984076"]
[EventDate "2025.06.24"]

1. d4 Nf6 2. Nc3 d5 3. Bg5 h6 4. Bxf6 exf6 5. e4 dxe4 6. Nxe4 f5 7. Nc3 Bd6 8.
Bd3 O-O 9. Nge2 g6 10. Qd2 Kg7 11. h4 h5 12. O-O-O Nd7 13. f3 Nf6 14. Nf4 c6 15.
Rdg1 Qc7 16. Nce2 Rh8 17. c3 Bd7 18. g3 Rae8 19. Bc4 b5 20. Bb3 a5 21. Re1 a4
22. Bc2 Re7 23. Bd3 Rhe8 24. Kd1 Re3 25. Rhf1 R3e7 26. Bc2 c5 27. dxc5 Bxc5 28.
Nd4 Rxe1+ 29. Rxe1 Rxe1+ 30. Kxe1 Bd6 31. Nde2 Be5 32. a3 Bc6 33. Kf2 Qb6+ 34.
Qe3 Qc7 35. Nd4 Bxf4 36. Qxf4 Qd7 37. Qe5 Qe8 38. Qxe8 Bxe8 39. Bd3 Nd5 40. Bxb5
Bxb5 41. Nxb5 Nb6 42. Nd6 Kf6 43. c4 Ke6 44. c5 Nd7 45. Nb7 Kd5 46. Ke3 f6 47.
Kd3 g5 48. f4 gxh4 49. gxh4 Kc6 50. Nd8+ Kxc5 51. Ne6+ Kd5 52. Ng7 Nc5+ 53. Ke3
Nd7 54. Nxh5 Nb6 55. Nxf6+ Ke6 56. Ne8 Nc4+ 57. Kd4 Nxb2 58. h5 Kf7 59. Nd6+ Ke6
60. h6 Kf6 61. Nxf5 Kg6 62. Ne3 Kxh6 63. Kc3 1-0

[Event "Titled Tue 24th Jun Late"]
[Site "chess.com INT"]
[Date "2025.06.24"]
[Round "7"]
[White "Borisek, Jure"]
[Black "Kramnik, Vladimir"]
[Result "0-1"]
[WhiteTitle "GM"]
[BlackTitle "GM"]
[WhiteElo "2558"]
[BlackElo "2753"]
[WhiteFideId "14603152"]
[BlackFideId "4101588"]
[EventDate "2025.06.24"]

1. d4 Nf6 2. Nf3 d5 3. c3 c5 4. dxc5 e6 5. b4 a5 6. e3 axb4 7. cxb4 b6 8. Bb5+
Bd7 9. Bxd7+ Nbxd7 10. a4 bxc5 11. b5 Bd6 12. Bb2 O-O 13. Nbd2 c4 14. O-O Qb8
15. Qc2 Rc8 16. Bxf6 Nxf6 17. Rfb1 Qb6 18. Nd4 Ng4 19. N2f3 e5 20. Nc6 e4 21. h3
Nxe3 22. fxe3 exf3 23. Qf2 fxg2 24. a5 Qc5 25. Kxg2 c3 26. Ra2 d4 27. exd4 Qg5+
28. Kh1 Re8 29. Qg2 Qh4 30. Rf2 Re3 31. Ne7+ Bxe7 32. Qxa8+ Bf8 33. Rf3 c2 34.
Rbf1 Re1 35. Qd5 Qxh3+ 36. Kg1 Rxf1+ 37. Rxf1 Qxf1+ 38. Kxf1 c1=Q+ 39. Kg2 Qd2+ 0-1

[Event "Titled Tue 24th Jun Late"]
[Site "chess.com INT"]
[Date "2025.06.24"]
[Round "7"]
[White "Manukyan, Sargis A."]
[Black "Tristan, Leonardo"]
[Result "0-1"]
[WhiteTitle "FM"]
[BlackTitle "GM"]
[WhiteElo "2294"]
[BlackElo "2536"]
[WhiteFideId "13303970"]
[BlackFideId "113816"]
[EventDate "2025.06.24"]

1. d4 d5 2. c4 e6 3. Nc3 a6 4. e3 Nf6 5. Nf3 b6 6. Be2 dxc4 7. Bxc4 Bb7 8. O-O
Be7 9. Qe2 b5 10. Bb3 O-O 11. Rd1 Nbd7 12. e4 b4 13. e5 bxc3 14. exf6 Nxf6 15.
bxc3 c5 16. h3 Qc7 17. Be3 Rac8 18. Rac1 Rfd8 19. Bc4 Qa5 20. Ne5 Bd6 21. Bg5
Bxe5 22. Qxe5 Nd7 23. Qd6 Nf6 24. Qf4 cxd4 25. Bxf6 gxf6 26. cxd4 Qg5 27. Qxg5+
fxg5 28. f3 Kg7 29. Kf2 Rc7 30. Rc2 Bd5 31. Rdc1 Rdc8 32. Bb3 Rxc2+ 33. Rxc2
Rxc2+ 34. Bxc2 Bxa2 35. Ke3 h5 36. Kd2 h4 37. Kc3 a5 38. Bb3 Bxb3 39. Kxb3 Kf6
40. Ka4 Kf5 41. Kxa5 Kf4 42. Kb5 Kg3 43. Kc5 Kxg2 44. Kd6 Kxf3 0-1

[Event "Titled Tue 24th Jun Late"]
[Site "chess.com INT"]
[Date "2025.06.24"]
[Round "7"]
[White "Hansen, Eric"]
[Black "Pavlidou, Ekaterini"]
[Result "1-0"]
[WhiteTitle "GM"]
[BlackTitle "WIM"]
[WhiteElo "2609"]
[BlackElo "2198"]
[WhiteFideId "2606771"]
[BlackFideId "4213262"]
[EventDate "2025.06.24"]

1. e4 c5 2. Nf3 Nc6 3. Bb5 e6 4. O-O Nge7 5. Re1 Nd4 6. Nxd4 cxd4 7. c3 Nc6 8.
Bf1 Bc5 9. b4 Bb6 10. Na3 dxc3 11. dxc3 Ne5 12. Nb5 O-O 13. c4 Qf6 14. c5 Bd8
15. Rb1 a6 16. Nd6 a5 17. b5 b6 18. Be3 bxc5 19. b6 c4 20. b7 Bxb7 21. Rxb7 c3
22. f4 Ng6 23. e5 Qh4 24. g3 Qh6 25. Qc2 f5 26. a4 Ne7 27. Bg2 Nd5 28. Bxd5 1-0

[Event "Titled Tue 24th Jun Late"]
[Site "chess.com INT"]
[Date "2025.06.24"]
[Round "7"]
[White "Tang, Dylan"]
[Black "Cornelisse, Lorelei"]
[Result "1-0"]
[WhiteTitle "FM"]
[BlackTitle "WFM"]
[WhiteElo "2236"]
[BlackElo "2138"]
[WhiteFideId "30972531"]
[BlackFideId "1087177"]
[EventDate "2025.06.24"]

1. e4 e5 2. Nf3 Nc6 3. Bc4 Nf6 4. Ng5 d5 5. exd5 Nd4 6. c3 b5 7. Bf1 Nxd5 8.
Nxf7 Kxf7 9. cxd4 exd4 10. Qf3+ Nf6 11. Qxa8 Qe8+ 12. Be2 d3 13. Qf3 Bb7 14. Qe3
Bc5 15. Qxd3 Bxg2 16. Rg1 Be4 17. Qxb5 Qxb5 18. Bxb5 Bf3 19. d4 Bb4+ 20. Bd2 c6
21. Bxb4 Re8+ 22. Kd2 cxb5 23. Re1 Ne4+ 24. Rxe4 Rxe4 25. Nc3 Rxd4+ 26. Ke3 Rxb4
27. Kxf3 Rxb2 28. Ne4 h6 29. a3 a5 30. Re1 g5 31. Nd6+ Kf6 32. Re3 h5 33. h3 Kg6
34. Kg3 Rb1 35. Re5 Rb3+ 36. Kg2 Rxa3 37. Rxb5 a4 38. Ne4 g4 39. Rg5+ Kh6 40.
hxg4 hxg4 41. Rxg4 Ra1 42. Nc5 a3 43. Rh4+ Kg5 44. Rh1 1-0

[Event "Titled Tue 24th Jun Late"]
[Site "chess.com INT"]
[Date "2025.06.24"]
[Round "7"]
[White "Skatchkov, Pavel"]
[Black "Vasquez Schroeder, Rodrigo"]
[Result "0-1"]
[WhiteTitle "GM"]
[BlackTitle "GM"]
[WhiteElo "2457"]
[BlackElo "2446"]
[WhiteFideId "4121848"]
[BlackFideId "3400042"]
[EventDate "2025.06.24"]

1. d4 d5 2. c4 c6 3. Nf3 Nf6 4. Nc3 e6 5. Bg5 dxc4 6. e4 b5 7. e5 h6 8. Bh4 g5
9. Nxg5 hxg5 10. Bxg5 Nbd7 11. g3 Rg8 12. h4 Rxg5 13. hxg5 Nd5 14. g6 fxg6 15.
Qg4 Qe7 16. Qxg6+ Qf7 17. Qg5 Bb4 18. Rc1 Bb7 19. Be2 Nxc3 20. Rxc3 Bxc3+ 21.
bxc3 Qe7 22. Qg6+ Kd8 23. Rh7 Qe8 24. Qh6 Kc7 25. Bh5 Qg8 26. Bf7 Qf8 27. Qxe6
Rd8 28. Bg6 Qa3 29. Bf5 Qxc3+ 30. Kf1 Qxd4 31. Qe7 Bc8 32. e6 Qd1+ 33. Kg2 Qd5+
34. f3 Qxf5 35. Rf7 Qd5 36. g4 c3 37. Qg5 0-1

[Event "Titled Tue 24th Jun Late"]
[Site "chess.com INT"]
[Date "2025.06.24"]
[Round "7"]
[White "Barwinska, Ewa"]
[Black "Petersen, Marcel"]
[Result "0-1"]
[WhiteTitle "WFM"]
[BlackTitle "CM"]
[WhiteElo "2014"]
[BlackElo "2236"]
[WhiteFideId "21833761"]
[BlackFideId "12935670"]
[EventDate "2025.06.24"]

1. e4 d5 2. exd5 Qxd5 3. d4 Nf6 4. Nc3 Qd6 5. g3 Nc6 6. Nge2 Bg4 7. Bf4 Qd7 8.
Bg2 e6 9. Nb5 Bd6 10. Nxd6+ cxd6 11. c3 O-O 12. h3 Bxe2 13. Qxe2 e5 14. dxe5
dxe5 15. Be3 Rad8 16. O-O Qe6 17. Bc5 Rfe8 18. b3 h6 19. Rad1 Nd5 20. Qc2 b6 21.
Be3 Nxe3 22. fxe3 Ne7 23. Qe4 Rxd1 24. Rxd1 Nf5 25. Qa4 Nxe3 26. Rd2 Nxg2 27.
Kxg2 e4 28. Rd6 Qe5 29. Rd5 Qxd5 30. Qxe8+ Kh7 31. h4 e3+ 32. Kh3 Qf5+ 33. Kh2
Qf2+ 34. Kh1 e2 35. Qe4+ f5 0-1

[Event "Titled Tue 24th Jun Late"]
[Site "chess.com INT"]
[Date "2025.06.24"]
[Round "7"]
[White "Esipenko, Andrey"]
[Black "Plat, Vojtech"]
[Result "0-1"]
[WhiteTitle "GM"]
[BlackTitle "GM"]
[WhiteElo "2689"]
[BlackElo "2497"]
[WhiteFideId "24175439"]
[BlackFideId "325740"]
[EventDate "2025.06.24"]

1. d4 d6 2. e4 Nf6 3. Nc3 e5 4. Nf3 exd4 5. Nxd4 Be7 6. g3 d5 7. e5 Ng4 8. f4 c5
9. Bb5+ Kf8 10. Nf3 d4 11. Ne4 Qa5+ 12. c3 Qxb5 13. h3 Ne3 14. Bxe3 dxe3 15. Qe2
Qxe2+ 16. Kxe2 Nc6 17. g4 h5 18. f5 Bd8 19. Nxc5 Bc7 20. Nd3 b6 21. b3 Bb7 22.
e6 fxe6 23. Ng5 Nd8 24. Rhf1 Ke7 25. fxe6 hxg4 26. hxg4 Bd5 27. Kxe3 Nxe6 28.
Rf7+ Kd6 29. Nxe6 Bxe6 30. Rxg7 Rh3+ 31. Kd4 b5 32. c4 bxc4 33. bxc4 Rd8 34. Ne5
Bb6+ 35. Ke4 Re3+ 36. Kf4 Rf8+ 37. Nf7+ Rxf7+ 38. Rxf7 Bxf7 39. c5+ Bxc5 40.
Rd1+ Kc6 0-1

[Event "Titled Tue 24th Jun Late"]
[Site "chess.com INT"]
[Date "2025.06.24"]
[Round "7"]
[White "Goncharov, Vladimir"]
[Black "Mekhitarian, Krikor Sevag"]
[Result "0-1"]
[BlackTitle "GM"]
[WhiteElo "2077"]
[BlackElo "2564"]
[WhiteFideId "34162256"]
[BlackFideId "2107660"]
[EventDate "2025.06.24"]

1. d4 Nf6 2. c4 g6 3. Nc3 d5 4. cxd5 Nxd5 5. e4 Nxc3 6. bxc3 Bg7 7. Bc4 c5 8.
Ne2 O-O 9. h4 Nc6 10. Be3 Qc7 11. Rc1 b5 12. Bb3 Na5 13. h5 Nxb3 14. axb3 cxd4
15. cxd4 Qb7 16. f3 Bd7 17. Kf2 Rfc8 18. hxg6 hxg6 19. Bh6 Bxh6 20. Rxh6 Kg7 21.
Rh1 Rh8 22. Qd2 Qb6 23. Rxh8 Rxh8 24. Rc5 a5 25. Qc3 b4 26. Qc2 a4 27. bxa4 b3
28. Qb2 Bxa4 29. Nc3 Bc6 30. Rxc6 Qxc6 31. Qxb3 Rc8 32. Ne2 Qc4 33. Qe3 Qc7 34.
e5 Rb8 35. f4 Rb2 36. g4 Qc2 37. Kf3 Rb3 0-1

[Event "Titled Tue 24th Jun Late"]
[Site "chess.com INT"]
[Date "2025.06.24"]
[Round "7"]
[White "Bortnyk, Olexandr"]
[Black "Cieslak, Patryk"]
[Result "1-0"]
[WhiteTitle "GM"]
[BlackTitle "FM"]
[WhiteElo "2601"]
[BlackElo "2442"]
[WhiteFideId "14120828"]
[BlackFideId "21078882"]
[EventDate "2025.06.24"]

1. e4 d6 2. d4 Nf6 3. Nc3 e5 4. Nf3 Nbd7 5. Bc4 Be7 6. O-O O-O 7. Re1 c6 8. a4
h6 9. h3 Re8 10. Qd3 Bf8 11. Be3 Qc7 12. d5 cxd5 13. Nxd5 Nxd5 14. Bxd5 Nf6 15.
c4 Bd7 16. a5 a6 17. Bb6 Qc8 18. Rac1 Bc6 19. b4 Qd7 20. Nd2 Rac8 21. Nf1 Bxd5
22. exd5 Qa4 23. c5 dxc5 24. bxc5 e4 25. Qd2 Nd7 26. c6 bxc6 27. dxc6 Nxb6 28.
axb6 Rxc6 29. Qd7 Rc4 30. Qxe8 Qxe8 31. Rxc4 Qb5 32. Rc8 Qxb6 33. Rxe4 g6 34.
Ree8 Qd6 35. Ne3 Kg7 36. Red8 Qe7 37. Rxf8 Qxf8 38. Rxf8 Kxf8 39. Nc4 Ke7 40.
Kf1 Ke6 41. Ke2 Kd5 42. Kd3 h5 43. h4 f6 44. f4 Ke6 45. Ke4 Ke7 46. Kd5 Kd7 47.
g3 Ke7 48. Na5 Kf7 49. Kd6 g5 50. f5 1-0

[Event "Titled Tue 24th Jun Late"]
[Site "chess.com INT"]
[Date "2025.06.24"]
[Round "7"]
[White "Khoo-Thwe, Louis"]
[Black "Tica, Sven"]
[Result "1-0"]
[WhiteTitle "CM"]
[BlackTitle "IM"]
[WhiteElo "2214"]
[BlackElo "2442"]
[WhiteFideId "1538756"]
[BlackFideId "14526948"]
[EventDate "2025.06.24"]

1. e4 g6 2. d4 Bg7 3. Be3 c6 4. Nc3 d5 5. f3 b5 6. exd5 b4 7. Na4 cxd5 8. Nc5 a6
9. a3 bxa3 10. Rxa3 Nf6 11. Bd3 O-O 12. Ne2 Nfd7 13. b4 Nb6 14. O-O Nc4 15. Bxc4
dxc4 16. Rc3 Nd7 17. Nxd7 Bxd7 18. Rxc4 Bb5 19. Rc5 Bxe2 20. Qxe2 Bxd4 21. Rc4
Bxe3+ 22. Qxe3 a5 23. Qh6 Qb6+ 24. Kh1 Qf6 25. Rh4 Qh8 26. b5 a4 27. Qg5 a3 28.
Qc1 a2 29. Qa1 Rfd8 30. Kg1 Ra5 31. Rb4 Rd2 32. b6 Rad5 33. Qxh8+ Kxh8 34. b7
Rd1 35. b8=Q+ Kg7 36. Ra4 1-0

[Event "Titled Tue 24th Jun Late"]
[Site "chess.com INT"]
[Date "2025.06.24"]
[Round "7"]
[White "Li, Yilin"]
[Black "Mekhane, Adam"]
[Result "0-1"]
[WhiteTitle "WFM"]
[BlackTitle "FM"]
[WhiteElo "1922"]
[BlackElo "2361"]
[WhiteFideId "8610410"]
[BlackFideId "36050601"]
[EventDate "2025.06.24"]

1. e4 d5 2. exd5 Qxd5 3. Nc3 Qa5 4. Nf3 Nf6 5. d4 e6 6. Bc4 c6 7. Bd2 Qd8 8. O-O
Nbd7 9. Bg5 h6 10. Bh4 Be7 11. Re1 b5 12. Bb3 Bb7 13. Qd3 a6 14. Rad1 O-O 15. a3
c5 16. dxc5 Nxc5 17. Qe3 Qb6 18. Bxf6 Bxf6 19. Ne5 Qc7 20. Ba2 Rfd8 21. f3 Rxd1
22. Nxd1 Na4 23. Bb1 Bg5 24. f4 Be7 25. Ba2 Bc5 26. Kh1 Bxe3 27. Nxe3 Rd8 28.
N3g4 Rd2 29. Ne3 Nxb2 30. h3 Nc4 31. N5xc4 bxc4 32. Bxc4 Bxg2+ 33. Nxg2 0-1

[Event "Titled Tue 24th Jun Late"]
[Site "chess.com INT"]
[Date "2025.06.24"]
[Round "7"]
[White "Terletsky, Oleg"]
[Black "Ibarra Jerez, Jose Carlos"]
[Result "0-1"]
[WhiteTitle "IM"]
[BlackTitle "GM"]
[WhiteElo "2160"]
[BlackElo "2545"]
[WhiteFideId "14116774"]
[BlackFideId "2226332"]
[EventDate "2025.06.24"]

1. e4 c5 2. Nf3 e6 3. d4 cxd4 4. Nxd4 Bc5 5. Nb3 Bb6 6. Nc3 Ne7 7. Bf4 d5 8.
exd5 exd5 9. Bd3 Nbc6 10. O-O O-O 11. Qd2 Ng6 12. Bxg6 hxg6 13. Nxd5 Bf5 14. c4
Be6 15. Rfd1 Rc8 16. Rac1 Qh4 17. Bg3 Qg4 18. Qf4 Qh5 19. Nxb6 axb6 20. Nd4 Nxd4
21. Rxd4 b5 22. b3 bxc4 23. bxc4 Rfe8 24. h3 Qc5 25. Qd6 b5 26. Qxc5 Rxc5 27.
Bd6 Rxc4 28. Rdxc4 bxc4 29. a3 Rd8 30. Bb4 Rd3 31. Rc3 Rd1+ 32. Kh2 Ra1 33. g4
g5 34. Bc5 f6 35. Be3 Bd5 36. f4 Ra2+ 37. Kg1 gxf4 38. Bxf4 g5 39. Bc1 Kf7 40.
a4 Rxa4 41. h4 gxh4 42. g5 f5 43. Kh2 Kg6 44. Kh3 Kh5 0-1

[Event "Titled Tue 24th Jun Late"]
[Site "chess.com INT"]
[Date "2025.06.24"]
[Round "7"]
[White "Sitnic, Adnan"]
[Black "Sroczynski, Maciej"]
[Result "0-1"]
[WhiteTitle "CM"]
[BlackTitle "FM"]
[WhiteElo "2058"]
[BlackElo "2236"]
[WhiteFideId "14403854"]
[BlackFideId "1121472"]
[EventDate "2025.06.24"]

1. e4 c5 2. f4 g6 3. Nf3 Bg7 4. a4 e6 5. Na3 Ne7 6. c3 Nbc6 7. Nc2 O-O 8. d4
cxd4 9. cxd4 d5 10. e5 Na5 11. Be2 Bd7 12. O-O Nb3 13. Ra3 Qb6 14. Be3 a6 15.
Qe1 Rac8 16. a5 Nxa5 17. Bd3 Nc4 18. Bxc4 dxc4 19. d5 Qxb2 20. d6 Qxc2 21. dxe7
Rfe8 22. Qh4 Qb2 23. Rfa1 Qb4 24. Ng5 h6 25. Ne4 Qxe7 26. Nf6+ Bxf6 27. exf6 Qf8
28. f5 exf5 29. Bxh6 Re4 30. Bf4 c3 31. Qg3 Qc5+ 32. Kh1 Rce8 33. Rxc3 Qd4 34.
Rf3 Qxa1+ 35. Rf1 Qxf1# 0-1

[Event "Titled Tue 24th Jun Late"]
[Site "chess.com INT"]
[Date "2025.06.24"]
[Round "7"]
[White "Eswaran, Ashritha"]
[Black "Zepeda Berlanga, Jan Enrique"]
[Result "1-0"]
[WhiteTitle "FM"]
[BlackTitle "CM"]
[WhiteElo "2236"]
[BlackElo "1984"]
[WhiteFideId "2080788"]
[BlackFideId "5132355"]
[EventDate "2025.06.24"]

1. e4 e5 2. d4 exd4 3. Nf3 Nc6 4. Bc4 Bb4+ 5. c3 dxc3 6. bxc3 Ba5 7. O-O Nge7 8.
Bg5 O-O 9. Qb3 Bb6 10. Qc2 d6 11. Nbd2 Bg4 12. h3 Bh5 13. g4 Bg6 14. Rae1 Qd7
15. Nh4 Rae8 16. Kh2 d5 17. Nxg6 hxg6 18. Bb3 Kh8 19. f4 Na5 20. Bxe7 Rxe7 21.
Bxd5 c6 22. Bb3 Nxb3 23. axb3 Rd8 24. Nc4 Bc7 25. e5 b5 26. Rd1 Qe8 27. Rxd8
Qxd8 28. Rd1 Rd7 29. Rxd7 Qxd7 30. Ne3 Qe6 31. h4 Bxe5 32. Kg3 Bd6 33. Qd3 Qf6
34. Ng2 Qe7 35. Kf3 Kg8 36. Qd4 a5 37. g5 Bc5 38. Qd3 Kf8 39. h5 Qd6 40. Qe2
gxh5 41. Kg3 Qe6 42. Qxh5 Qe2 43. Qxe2 1-0

[Event "Titled Tue 24th Jun Late"]
[Site "chess.com INT"]
[Date "2025.06.24"]
[Round "7"]
[White "Sharankov, Grigory"]
[Black "Beyer, Lorenz"]
[Result "1-0"]
[WhiteTitle "CM"]
[BlackTitle "CM"]
[WhiteElo "2238"]
[BlackElo "2226"]
[WhiteFideId "4168356"]
[BlackFideId "16245393"]
[EventDate "2025.06.24"]

1. e4 e6 2. d4 d5 3. e5 c5 4. c3 Nc6 5. Nf3 Qb6 6. Be2 Bd7 7. O-O cxd4 8. cxd4
Nge7 9. Nc3 a6 10. Na4 Qa7 11. Bg5 Nf5 12. Be3 b5 13. Nc3 Rc8 14. g4 Nxe3 15.
fxe3 Na5 16. Ng5 Be7 17. Nxf7 Rf8 18. Nd6+ Bxd6 19. exd6 Qb6 20. Rxf8+ Kxf8 21.
Qf1+ Kg8 22. Qf4 Nb7 23. Rf1 Nxd6 24. Bd3 Qc7 25. Qg5 Be8 26. a3 Qd8 27. Qe5 Qe7
28. Nxd5 Qd8 29. Qxe6+ Bf7 30. Ne7+ Kh8 31. Rxf7 Nxf7 32. Qxf7 Rc7 33. Qf5 g6
34. Qf6# 1-0

[Event "Titled Tue 24th Jun Late"]
[Site "chess.com INT"]
[Date "2025.06.24"]
[Round "7"]
[White "Van der Werf, Mark"]
[Black "Zhou, Abigail"]
[Result "1-0"]
[WhiteTitle "IM"]
[BlackTitle "WCM"]
[WhiteElo "2390"]
[BlackElo "1780"]
[WhiteFideId "1000470"]
[BlackFideId "39922081"]
[EventDate "2025.06.24"]

1. Nf3 d5 2. c4 e6 3. g3 dxc4 4. Bg2 c5 5. O-O Nf6 6. Na3 Nc6 7. Nxc4 Be7 8. b3
O-O 9. Bb2 Nd5 10. Rc1 Ncb4 11. a3 Nc6 12. d4 Bd7 13. e4 Nb6 14. d5 exd5 15.
exd5 Nd4 16. Nxd4 cxd4 17. Bxd4 Nxc4 18. bxc4 Bxa3 19. Rb1 Qc7 20. Qb3 Bd6 21.
c5 Bxc5 22. Qc3 Rac8 23. Bxg7 Bxf2+ 24. Rxf2 Qxc3 25. Bxc3 Rxc3 26. Rxb7 Ba4 27.
Rxa7 Rc1+ 28. Rf1 Rxf1+ 29. Bxf1 Bb3 30. d6 Rd8 31. d7 Be6 32. Bb5 Kf8 33. Kf2
Ke7 34. Ke3 Bxd7 35. Kf4 Ke8 36. Rxd7 Rxd7 37. Kg5 Ke7 38. Bxd7 Kxd7 39. Kh6 Ke8
40. Kxh7 Kf8 41. h4 f5 42. Kg6 f4 43. gxf4 Kg8 44. f5 Kf8 45. Kf6 Kg8 46. Ke7
Kg7 47. f6+ Kg6 48. f7 Kh5 49. f8=Q Kxh4 50. Qg7 Kh5 51. Kf6 Kh4 52. Qg2 Kh5 53.
Qh3# 1-0

[Event "Titled Tue 24th Jun Late"]
[Site "chess.com INT"]
[Date "2025.06.24"]
[Round "7"]
[White "Kourkoulos-Arditis, Stamatis"]
[Black "Zdorov, Egor Vit"]
[Result "1-0"]
[WhiteTitle "GM"]
[BlackTitle "CM"]
[WhiteElo "2580"]
[BlackElo "2101"]
[WhiteFideId "4221990"]
[BlackFideId "55688560"]
[EventDate "2025.06.24"]

1. Nf3 d5 2. e3 Nf6 3. c4 c5 4. cxd5 Nxd5 5. Nc3 Nxc3 6. dxc3 Qxd1+ 7. Kxd1 Nc6
8. e4 Bg4 9. Be2 O-O-O+ 10. Kc2 e5 11. h3 Bxf3 12. Bxf3 f6 13. Be2 Kc7 14. Be3
b6 15. a3 Be7 16. b4 a5 17. b5 Na7 18. a4 Nc8 19. Bc4 Nd6 20. Bd5 Nf5 21. Bd2
Rxd5 22. exd5 c4 23. g4 Nh4 24. Be3 Rd8 25. Rad1 Ng6 26. h4 Ba3 27. Rd2 Ne7 28.
Rhd1 Rd7 29. d6+ Bxd6 30. Bxb6+ Kxb6 31. Rxd6+ Rxd6 32. Rxd6+ Kc7 33. Re6 Nc8
34. Rc6+ Kb7 35. Rxc4 Nb6 36. Re4 Nd7 37. f4 Nc5 38. Rc4 Nd7 39. fxe5 Nxe5 40.
Rd4 Kc7 41. Kb3 Nf3 42. Rf4 Nxh4 43. c4 Ng6 44. Rd4 Nf8 45. c5 Ne6 46. Rd5 Nf4
47. Rd1 Ne6 48. Kc4 g6 49. b6+ Kb7 50. Kb5 1-0

[Event "Titled Tue 24th Jun Late"]
[Site "chess.com INT"]
[Date "2025.06.24"]
[Round "7"]
[White "Shafer, Logan C"]
[Black "Nersisyan, Garnik"]
[Result "1-0"]
[WhiteTitle "CM"]
[BlackTitle "CM"]
[WhiteElo "2217"]
[BlackElo "2035"]
[WhiteFideId "30993342"]
[BlackFideId "13300741"]
[EventDate "2025.06.24"]

1. e4 e5 2. Nf3 d6 3. d4 Nc6 4. Bb5 exd4 5. Nxd4 Bd7 6. Bxc6 Bxc6 7. Nxc6 bxc6
8. O-O Nf6 9. Bg5 Be7 10. Nc3 O-O 11. Qd3 Nd7 12. Bxe7 Qxe7 13. Rfe1 Nb6 14.
Rad1 c5 15. b3 Qe5 16. Nd5 Nxd5 17. exd5 Qb2 18. a4 a5 19. Re3 Rae8 20. Rxe8
Rxe8 21. h4 Qe5 22. g3 Qe4 23. Qd2 f6 24. Qxa5 Qxc2 25. Re1 Rxe1+ 26. Qxe1 Kf8
27. Qa1 Qxb3 28. a5 Qxd5 29. a6 Qa8 30. a7 Ke7 31. Qa4 c4 32. Qa5 Kd8 33. f3 c3
34. Qa2 Kd7 35. Qa4+ c6 36. Qg4+ Kc7 37. Qxg7+ Kb6 38. Qxf6 Qxa7 39. Qxc3 Qf7
40. Qb4+ Kc7 41. Qa5+ Kb7 42. Qb4+ Kc7 43. Kg2 c5 44. Qa5+ Kc6 45. Qa8+ Kb5 46.
Qb8+ Kc4 47. Qxd6 Qd5 48. Qxd5+ Kxd5 49. Kf2 Kc4 50. f4 Kb3 51. f5 c4 52. f6 c3
53. f7 c2 54. f8=Q c1=Q 55. Qf3+ Kb4 56. Qf4+ Kb3 57. Qxc1 1-0